Score 0/12 Timer 05:00
3 Plays Today
Column Food % Correct
Kiwis
98.6%
Ketchup
95.7%
Kebabs
91.5%
Kidney Beans
88.2%
Kale
87.8%
Key Lime Pie
87.3%
Kumquats
59.2%
Kettle Corn
55.6%
Kielbasa
51.8%
Kimchi
49.5%
Kaiser Rolls
38.6%
Kung Pao Chicken
15.5%
Remove Ads.
Support Sporcle.
Get the best of Sporcle when you Go Orange. This ad-free experience offers more features, more stats, and more fun while also helping to support Sporcle. Thank you for becoming a member.

You're not logged in!

Compare scores with friends on all Sporcle quizzes.
OR
Log In

Sporcle TV

Today on Sporcle TV


Watch our educational content, quiz creation guides, and fun videos on Sporcle TV.

Show Comments

Extras

Top Quizzes Today


Score Distribution

Paid Content

Your Account Isn't Verified!

In order to create a playlist on Sporcle, you need to verify the email address you used during registration. Go to your Sporcle Settings to finish the process.

Report this User

Report this user for behavior that violates our Community Guidelines.

Details: